Регионална библиотека "Любен Каравелов" - Русе

Небивалица | Лудориите на Писана | Разболя се Жаба кекерица (Запис номер 53982)

MARC детайли
000 -Лидер
Контролно поле с фиксирана дължина 01507nam a2200385 c 4500
003 - Код на организацията, давaща контролен номер
Контролно поле BLK
005 - Дата и час на последна редакция
Контролно поле 20250416104011.0
008 - Елементи от данни с фиксирана дължина
fixed length control field 180408b bul|||||r ||||||| ||bul||
010 ## - Наследен системен номер
LC control number KNG00057924000
040 ## - Източник на каталожния запис
Идентификатор на билиотеката - собственик на записа BLK
041 ## - Код за език
Код за езика на текст/звукозапис или на отделно заглавие Български
Код за езика КДБФ Български
080 ## - УДК
Текстов определител УДК Българска литература
УДК код - определител по УДК 821.163.2
УДК определител -93-34
УДК - код + определител 821.163.2-93-34
100 1# - Редна дума - Автор
Автор Стубел, Йордан
Авторска отговорност първи автор
Автор - информация (биография) Бакалов, Йордан Иванов
R(LIN) 126576
139 ## - Редно поле
Редна дума Стубел, Йордан
Авторски знак Сту - С 88
245 10 - Сведения за заглавието
Заглавие Небивалица
Редно поле (дума) Йордан Стубел; ил. Маша; * Мариела Игнатова.
245 10 - Сведения за заглавието
Заглавие Лудориите на Писана
Подзаглавни данни
Редно поле (дума)
245 10 - Сведения за заглавието
Заглавие Разболя се Жаба кекерица
Подзаглавни данни Приказки
Редно поле (дума)
257 ## - Страна на издаване
Страна на създаване/издаване България
260 ## - Област на издателските данни
-- Русе
Име на издателя, разпространителя и проч. Парнас
Година на издаване 2005
Печатница Русе : Дунав прес
300 ## - Физическа характеристика
Страници 16 с.
Илюстрации и др. с цв. ил.
Размери/Мащаб 28 см
380 ## - Жанр
Жанр Детска худож. лит.
490 1# - СЕРИИ (Колекции)
Име на серия Поредица Весели приказки в картинки
№: серия 3
500 ## - Общи забележки
Забележка Офс. изд.
653 ## - Ключова дума – ненормативна
Ключова дума приказки
653 ## - Ключова дума – ненормативна
Ключова дума литература за деца
653 ## - Ключова дума – ненормативна
Ключова дума детска литература
700 1# - Други автори (авторска отговорност)
Лично име Маша
Автороска отговорност (Описва отношението между автора и произведението) ил.
Друга информация Игнатова, Мариела
9 (RLIN) 285327
700 1# - Други автори (авторска отговорност)
Лично име Игнатова, Мариела
Автороска отговорност (Описва отношението между автора и произведението) *
9 (RLIN) 285328
852 ## - Местоположение
Форматна сигнатура Цб ІІ 13559
856 4# - Електронен адрес и достъп
Електронен формат pdf - файл
Път до файла /url/
856 4# - Електронен адрес и достъп
Електронен формат pdf - файл
Път до файла /url/
942 ## - АРТИКУЛИ
Вид на библиотечния материал Книги
Скрит в OPAC Не
Koha issues (borrowed), all copies 16
944 ## - СЪЗДАВАНЕ И РЕДАКЦИЯ на ЗАПИСА
Създаване/Редакция Създаване
Дата на регистрацията/редакция 27.01.2006
Статус, дата на статуса Бояна Костадинова
Служител, извършил регистрацията/редакцията 30551
944 ## - СЪЗДАВАНЕ И РЕДАКЦИЯ на ЗАПИСА
Създаване/Редакция Редакция
Дата на регистрацията/редакция 27.07.2010
Статус, дата на статуса ф /
Служител, извършил регистрацията/редакцията
999 ## - СИСТЕМНИ КОНТРОЛНИ НОМЕРА
Koha biblionumber 53982
Koha biblioitemnumber 53982
Наличности
Код за отписване Код за изгубен артикул Код за повреда Коз за рестрикции Код за отдаване Артикулен № Име на библиотеката - собственик Име на библиотеката, в която се намира в момента Статус (Текущо местоположение) Дата на вписване в системата Местоположение - отдел Цена в лева Инвентарен номер Систематично азбучна сигнатура Баркод Номер на екземпляра Цена в евро Служебна бележка Служебен тип на артикула
  Не е изгубен Не е повреден без рестрикции заемане за дома 85022 Регионална библиотека "Любен Каравелов" Русе Регионална библиотека "Любен Каравелов" Русе Детски отдел 2006-01-27 Детски отдел 2.00 120000699709 ДХ 886.7/С 88 120000699709 1 1.02 Дост: DA Вид: А N: 4 Дата: 27.01.2006 Дата инв: 17.08.2015 Бележки инв: Д2015 Книги
  Не е изгубен Не е повреден без рестрикции заемане за дома 85023 Регионална библиотека "Любен Каравелов" Русе Регионална библиотека "Любен Каравелов" Русе Детски отдел 2010-07-13 Детски отдел 2.00 120000745005 ДХ 886.7/С 88 120000745005 2 1.02 Дост: DA Вид: А N: 18 Дата: 13.07.2010 Дата инв: 17.08.2015 Бележки инв: Д2015 Книги
  Не е изгубен Не е повреден без рестрикции заемане за дома 85024 Регионална библиотека "Любен Каравелов" Русе Регионална библиотека "Любен Каравелов" Русе Детски отдел 2010-07-13 Детски отдел 2.00 120000745006 ДХ 886.7/С 88 120000745006 3 1.02 Дост: DA Вид: А N: 18 Дата: 13.07.2010 Дата инв: 17.08.2015 Бележки инв: Д2015 Книги
Vip Innovations Ltd, Rousse, Bulgaria 2025